| 000 | 00340nam a2200121Ia 4500 | ||
|---|---|---|---|
| 008 | 220217s9999||||xx |||||||||||||| ||und|| | ||
| 082 | _a621.382 2 GHO | ||
| 100 | _aGhosh, Smarajit | ||
| 245 | 0 | _aSignals and systems | |
| 260 |
_aPearson education _bNew Delhi _c2007 |
||
| 300 |
_aXX,474p.;28cm _b350 |
||
| 650 |
_aSIGNAL PROCESSING _9719 |
||
| 999 |
_c181324 _d181324 |
||